Maggior numero di Vittorie al Gran Premio di San Marino - Statistics

Statistiche generali
  • Questo quiz è stato fatto 5 volte
  • Il punteggio medio è 2 su 5
Statistiche sulle risposte
Numero vittorie Stagioni delle vittorie Pilota % Corretto
7 1994, 1999, 2000, 2002, 2003, 2004, 2006 Michael Schumacher
100%
3 1988, 1989, 1991 Ayrton Senna
75%
3 1984, 1986, 1993 Alain Prost
25%
2 1995, 1996 Damon Hill
25%
2 1987, 1992 Nigel Mansell
0%
Nessun quiz corrispondente trovato
Distribuzione punteggi
Percentuale di utenti per punteggio
Percentile per numero di risposta
I tuoi punteggi nel tempo
Non hai fatto questo quiz